000 00355nam a2200133Ia 4500
008 151001s9999||||xx |||||||||||||| ||und||
100 _aमदनलाल शर्मा
245 _aलमहोने खता कि
250 _a1
260 _bकिरण प्रकाशन
260 _c2007
300 _a168
365 _b21
999 _c995250
_d995247